Padiimenipet, fils de Sôter : histoire d'une famille dans l'Egypte romaine

محفوظ في:

المؤلف الرئيسي: François René. Herbin

التنسيق: كتاب

اللغة: Undetermined

منشور في: Paris Éditions de la Réunion des musées nationaux 2002

الوسوم: إضافة وسم

لا توجد وسوم, كن أول من يضع وسما على هذه التسجيلة!

رقم الطلب: (P)DT62 .M7 H47

LEADER 00425nam a2200133Ia 4500
008 240503s9999||||xx |||||||||||||| ||und||
020 |a 9782711842384 
050 4 |a (P)DT62 .M7 H47 
100 1 |a François René. Herbin 
245 1 0 |a Padiimenipet, fils de Sôter : histoire d'une famille dans l'Egypte romaine 
264 1 |a Paris  |b Éditions de la Réunion des musées nationaux  |c 2002 
300 |a 56  |c 21 
942 |2 lcc  |c PT 
999 |c 58263  |d 58263